Vplyv kombinácií zmäkčovadiel na vlastnosti zmesí PLA/PHB bakalárska práca

Enregistré dans:
Détails bibliographiques
Auteur principal: Pružincová, Lucia
Format: Livre
Langue:slovaque
Publié: Bratislava STU FCHPT 2019
Accès en ligne:Voir à l'OPAC
Tags: Ajouter un tag
Pas de tags, Soyez le premier à ajouter un tag!

MARC

LEADER 00000nam a2200000 a 4500
005 20260127134041.0
008 191015 2019 xo 001 0 slo d
035 |a vtls011893826 
039 9 |y 201910151147  |z mschk03 
040 |a STUSCHK1  |b slo  |c STUSCHK1  |e AACR2 
100 1 |a Pružincová, Lucia 
245 1 |a Vplyv kombinácií zmäkčovadiel na vlastnosti zmesí PLA/PHB  |b bakalárska práca  |c Lucia Pružincová 
260 |a Bratislava  |b STU FCHPT  |c 2019 
300 |a 71 s.  |b Obr., tab.  |c 25 cm 
500 |a Študijný program: biotechnológia a potravinárska technológia 
500 |a Študijný odbor: biotechnológie 
500 |a Školiace pracovisko: Oddelenie plastov, kaučuku a vlákien 
500 |a Evid. číslo: FCHPT-13567-81571 
910 |a SCHK95 
999 |c 2942  |d 2942